Law: A modern introduction/ (Record no. 75)

MARC details
000 -LEADER
fixed length control field 00582nam a22001697a 4500
005 - DATE AND TIME OF LATEST TRANSACTION
control field 20110722111949.0
008 - FIXED-LENGTH DATA ELEMENTS--GENERAL INFORMATION
fixed length control field 110407t xxu||||| |||| 00| 0 eng d
020 ## - INTERNATIONAL STANDARD BOOK NUMBER
International Standard Book Number 0340504102
082 ## - DEWEY DECIMAL CLASSIFICATION NUMBER
Edition number 22
Classification number 344.2
100 ## - MAIN ENTRY--PERSONAL NAME
Personal name Denham, Paul
9 (RLIN) 187
245 ## - TITLE STATEMENT
Title Law: A modern introduction/
Statement of responsibility, etc Paul Denham . _
250 ## - EDITION STATEMENT
Edition statement 2nd. ed._
260 ## - PUBLICATION, DISTRIBUTION, ETC. (IMPRINT)
Place of publication, distribution, etc London, England:
Name of publisher, distributor, etc Hodder & Stoughton,
Date of publication, distribution, etc 1989.
300 ## - PHYSICAL DESCRIPTION
Extent xiii,588p.:
Other physical details ill.;
Dimensions 25cm
Type of unit Textbook
942 ## - ADDED ENTRY ELEMENTS (KOHA)
Source of classification or shelving scheme Dewey Decimal Classification
Item type Books
Holdings
Withdrawn status Lost status Source of classification or shelving scheme Damaged status Not for loan Home library Current library Shelving location Date acquired Total Checkouts Full call number Barcode Date last seen Price effective from Koha item type
    Dewey Decimal Classification     Law Development Centre Main Library Law Development Centre Main Library Text Books and Laws 04/07/2011   344.2 DEN 2011/2586 04/07/2011 04/07/2011 Books